000 01098nam a2200265Ia 4500
003 OSt
005 20221005103605.0
006 a|||||r|||| 00| 0
007 ta
008 221004b |||||||| |||| 00| 0 hin d
020 _a9788186103753 (hbk)
_c400
024 _a9252
037 _b122, 26/12/2013, Vidyanidhi Prakashan
_cTextual
040 _aCRL
_cCRL
_bhin
041 _2hin
_ahin
082 _aO15v23743, Q1
100 _aराठौड़, प्रदीप सिंह
245 0 _aमेवाड़ का ऐतिहासिक संस्कृत साहित्य एंव संस्कृति
246 _aMevāड़ kā aitihāsik sanskṛut sāhitya eanva sanskṛuti
260 _aजोधपुर
_bराजस्थानी ग्रन्थागार भारत
_c2011
300 _a280पृ0
_ccm.
650 _aहिन्दी साहित्य
942 _hO15v23743, Q1
_cTEXL
_2cc
999 _c1010367
_d1010367